书目信息 |
| 题名: |
电离层物理概论
|
|
| 作者: | 熊年禄 编著 | |
| 分册: | ||
| 出版信息: | 武汉 武汉大学出版社 1999 |
|
| 页数: | 443页 | |
| 开本: | 20cm | |
| 丛书名: | ||
| 单 册: | ||
| 中图分类: | P352 | |
| 科图分类: | ||
| 主题词: | 电离层物理学--高等学校--教材 | |
| 电子资源: | ||
| ISBN: | 7-307-02672-4 | |
| 000 | 00632nam0 2200217 45 | |
| 001 | 0199069870 | |
| 005 | 20050412113719.4 | |
| 010 | @a7-307-02672-4@dCNY15.00 | |
| 100 | @a20000420d1999 em y0chiy0121 ea | |
| 101 | 0 | @achi |
| 102 | @aCN@b420000 | |
| 105 | @ay z 000yy | |
| 200 | 1 | @a电离层物理概论@Adian li ceng wu li gai lun@f熊年禄等编著@FXiong Nian Lu Deng Bian Zhu |
| 210 | @a武汉@c武汉大学出版社@d1999 | |
| 215 | @a443页@d20cm | |
| 300 | @a武汉大学本科生系列教材 | |
| 606 | @a电离层物理学@x高等学校@x教材 | |
| 690 | @aP352@v4 | |
| 701 | 0 | @a熊年禄@4编著 |
| 801 | 0 | @aCN@bNLC@c19991206 |
| 905 | @f5@b348955-959@dP352@e55 | |
| 电离层物理概论/熊年禄等编著.-武汉:武汉大学出版社,1999 |
| 443页;20cm |
| 武汉大学本科生系列教材 |
| ISBN 7-307-02672-4:CNY15.00 |
| ● |
| 相关链接 |
|
|
|
|
正题名:电离层物理概论
索取号:P352/55
 
预约/预借
| 序号 | 登录号 | 条形码 | 馆藏地/架位号 | 状态 | 备注 |
| 1 | 0348955 | 203489554 | 第二样本阅览室/ [索取号:P352/55] | 在馆 | |
| 2 | 0348956 | 203489563 | 第三借阅区/ [索取号:P352/55] | 在馆 | |
| 3 | 0348957 | 203489572 | 第三借阅区/ [索取号:P352/55] | 在馆 | |
| 4 | 0348958 | 203489581 | 第三借阅区/ [索取号:P352/55] | 在馆 | |
| 5 | 0348959 | 203489590 | 第三借阅区/ [索取号:P352/55] | 在馆 |